[Event "397 Stay Safe Play From Home series"]
[Site "Emanuel Lasker Arena"]
[Date "2020.08.20"]
[Round "2"]
[White "Klasman"]
[Black "Padmaesh M K"]
[Result "0-1"]
[WhiteElo "1355"]
[BlackElo "1903"]
[PlyCount "52"]
[EventDate "2020.08.20"]
[EventType "swiss (blitz)"]

1. f4 {[%emt 0:00:02]} e6 {[%emt 0:00:01]} 2. c4 {[%emt 0:00:02]} d5 {[%emt 0:00:00]} 3. cxd5 {[%emt 0:00:01]} exd5 {[%emt 0:00:00]} 4. d4 {[%emt 0:00:01]} Bd6 {[%emt 0:00:01]} 5. Nf3 {[%emt 0:00:01]} Nf6 {[%emt 0:00:01]} 6. e3 {[%emt 0:00:02]} O-O {[%emt 0:00:01]} 7. Bd3 {[%emt 0:00:01]} Ne4 {[%emt 0:00:01]} 8. Nc3 {[%emt 0:00:03]} c6 {[%emt 0:00:02]} 9. Nxe4 {[%emt 0:00:03]} dxe4 {[%emt 0:00:01]} 10. Bxe4 {[%emt 0:00:01]} Re8 {[%emt 0:00:00]} 11. Qc2 {[%emt 0:00:01]} g6 {[%emt 0:00:04]} 12. Ng5 {[%emt 0:00:02]} h6 {[%emt 0:00:08]} 13. h4 {[%emt 0:00:04]} Be6 {[%emt 0:00:06]} 14. Nxe6 {[%emt 0:00:04]} Rxe6 {[%emt 0:00:00]} 15. h5 {[%emt 0:00:01]} Qe7 {[%emt 0:00:05]} 16. hxg6 {[%emt 0:00:02]} fxg6 {[%emt 0:00:01]} 17. Bxg6 {[%emt 0:00:01]} Rxe3+ {[%emt 0:00:08]} 18. Bxe3 {[%emt 0:00:03]} Qxe3+ {[%emt 0:00:00]} 19. Qe2 {[%emt 0:00:05]} Qg3+ {[%emt 0:00:04]} 20. Kd1 {[%emt 0:00:06]} Qxg6 {[%emt 0:00:01]} 21. Rh3 {[%emt 0:00:04]} Nd7 {[%emt 0:00:01]} 22. Rc1 {[%emt 0:00:03]} Rf8 {[%emt 0:00:02]} 23. Qc4+ {[%emt 0:00:03]} Qf7 {[%emt 0:00:02]} 24. d5 {[%emt 0:00:02]} Qxd5+ {[%emt 0:00:01]} 25. Qxd5+ {[%emt 0:00:01]} cxd5 {[%emt 0:00:00]} 26. Rxh6 {[%emt 0:00:01]} Bxf4 {[%emt 0:00:01] Time Time Time (Lag: Av=0.46s, max=0.9s) (Lag: Av=0.46s, max=0.9s) (Lag: Av=0.46s, max=0.9s)} 0-1

[Event "397 Stay Safe Play From Home series"]
[Site "Emanuel Lasker Arena"]
[Date "2020.08.20"]
[Round "3"]
[White "Mepe_Nika"]
[Black "IceQueen"]
[Result "0-1"]
[WhiteElo "2360"]
[BlackElo "2386"]
[PlyCount "64"]
[EventDate "2020.08.20"]
[EventType "swiss (blitz)"]

1. d4 {[%emt 0:00:01]} d6 {[%emt 0:00:00]} 2. e4 {[%emt 0:00:01]} Nf6 {[%emt 0:00:00]} 3. Nc3 {[%emt 0:00:01]} g6 {[%emt 0:00:00]} 4. Nf3 {[%emt 0:00:02]} Bg7 {[%emt 0:00:02]} 5. Be2 {[%emt 0:00:00]} O-O {[%emt 0:00:01]} 6. h3 {[%emt 0:00:01]} c5 {[%emt 0:00:01]} 7. O-O {[%emt 0:00:01]} cxd4 {[%emt 0:00:00]} 8. Nxd4 {[%emt 0:00:00]} Nc6 {[%emt 0:00:00]} 9. Be3 {[%emt 0:00:01]} Bd7 {[%emt 0:00:00]} 10. Qd2 {[%emt 0:00:01]} a6 {[%emt 0:00:00]} 11. Rfe1 {[%emt 0:00:01]} Rc8 {[%emt 0:00:01]} 12. Rad1 {[%emt 0:00:01]} Ne5 {[%emt 0:00:01]} 13. b3 {[%emt 0:00:02]} Re8 {[%emt 0:00:01]} 14. Nd5 {[%emt 0:00:01]} Nxe4 {[%emt 0:00:04]} 15. Qd3 {[%emt 0:00:03]} Nc5 {[%emt 0:00:02]} 16. Qd2 {[%emt 0:00:02]} e6 {[%emt 0:00:00]} 17. Nf4 {[%emt 0:00:02]} d5 {[%emt 0:00:01]} 18. g4 {[%emt 0:00:03]} Ne4 {[%emt 0:00:01]} 19. Qc1 {[%emt 0:00:01]} Qh4 {[%emt 0:00:01]} 20. Nf3 {[%emt 0:00:03]} Nxf3+ {[%emt 0:00:03]} 21. Bxf3 {[%emt 0:00:00] Mepe_Nika offers a draw Mepe_Nika offers a draw Mepe_Nika offers a draw} Bc3 {[%emt 0:00:07]} 22. Rf1 {[%emt 0:00:02]} Ng5 {[%emt 0:00:01]} 23. Bg2 {[%emt 0:00:01]} Bb5 {[%emt 0:00:01]} 24. Bd4 {[%emt 0:00:04]} Bxf1 {[%emt 0:00:03]} 25. Kxf1 {[%emt 0:00:02]} Bxd4 {[%emt 0:00:01]} 26. Rxd4 {[%emt 0:00:00]} e5 {[%emt 0:00:00]} 27. Nxd5 {[%emt 0:00:01]} exd4 {[%emt 0:00:01]} 28. Nf6+ {[%emt 0:00:01]} Kg7 {[%emt 0:00:00]} 29. Qf4 {[%emt 0:00:02]} Re6 {[%emt 0:00:02]} 30. Nd7 {[%emt 0:00:03]} Rxc2 {[%emt 0:00:04]} 31. Qxd4+ {[%emt 0:00:01]} f6 {[%emt 0:00:00]} 32. Qd1 {[%emt 0:00:08]} Qxf2# {[%emt 0:00:02] (Lag: Av=0.44s, max=0.9s) (Lag: Av=0.44s, max=0.9s) (Lag: Av=0.44s, max=0.9s)} 0-1

[Event "397 Stay Safe Play From Home series"]
[Site "Emanuel Lasker Arena"]
[Date "2020.08.20"]
[Round "3"]
[White "Fischer_11"]
[Black "Haris kollari 13"]
[Result "1-0"]
[WhiteElo "2021"]
[BlackElo "1733"]
[Annotator "NA"]
[PlyCount "69"]
[EventDate "2020.08.20"]
[EventType "swiss (blitz)"]

1. e4 {[%emt 0:00:01]} d5 {[%emt 0:00:01]} 2. a3 {[%emt 0:00:01]} dxe4 {[%emt 0:00:01]} 3. Nc3 {[%emt 0:00:00]} f5 {[%emt 0:00:02]} 4. Bc4 {[%emt 0:00:01]} Nf6 {[%emt 0:00:01]} 5. Nh3 {[%emt 0:00:00]} e6 {[%emt 0:00:01]} 6. d3 {[%emt 0:00:05]} h6 {[%emt 0:00:01]} 7. O-O {[%emt 0:00:02]} exd3 {[%emt 0:00:01]} 8. Re1 {[%emt 0:00:01]} dxc2 {[%emt 0:00:02]} 9. Qxc2 {[%emt 0:00:00]} Be7 {[%emt 0:00:03]} 10. Bxe6 {[%emt 0:00:03]} Bxe6 {[%emt 0:00:01]} 11. Rxe6 {[%emt 0:00:00]} Qd7 {[%emt 0:00:01]} 12. Re5 {[%emt 0:00:05]} Nc6 {[%emt 0:00:02]} 13. Rxf5 {[%emt 0:00:01]} O-O {[%emt 0:00:03]} 14. Be3 {[%emt 0:00:03]} Bd6 {[%emt 0:00:01]} 15. Rd1 {[%emt 0:00:03]} Rae8 {[%emt 0:00:01]} 16. Bf4 {[%emt 0:00:02]} Qe7 {[%emt 0:00:09]} 17. g3 {[%emt 0:00:13]} Bxf4 {[%emt 0:00:02]} 18. Nxf4 {[%emt 0:00:00]} Kh7 {[%emt 0:00:01]} 19. Rxf6+ {[%emt 0:00:02]} Kg8 {[%emt 0:00:02]} 20. Rxf8+ {[%emt 0:00:01]} Rxf8 {[%emt 0:00:03]} 21. Ng6 {[%emt 0:00:00]} Qf7 {[%emt 0:00:04]} 22. Nxf8 {[%emt 0:00:01]} Qxf8 {[%emt 0:00:00]} 23. Qd3 {[%emt 0:00:01]} Ne5 {[%emt 0:00:02]} 24. Qd8 {[%emt 0:00:01]} Nf3+ {[%emt 0:00:02]} 25. Kg2 {[%emt 0:00:01]} Ne1+ {[%emt 0:00:01]} 26. Kf1 {[%emt 0:00:01]} Nf3 {[%emt 0:00:01]} 27. Qxf8+ {[%emt 0:00:01]} Kxf8 {[%emt 0:00:02]} 28. Rd7 {[%emt 0:00:00]} Ne5 {[%emt 0:00:03]} 29. Rxc7 {[%emt 0:00:01]} b6 {[%emt 0:00:01]} 30. Rb7 {[%emt 0:00:00]} Nc4 {[%emt 0:00:01]} 31. Rxa7 {[%emt 0:00:00]} Nxb2 {[%emt 0:00:01]} 32. Ra8+ {[%emt 0:00:00]} Kf7 {[%emt 0:00:02]} 33. Rb8 {[%emt 0:00:00]} Kg6 {[%emt 0:00:01]} 34. Rb7 {[%emt 0:00:00]} Nd3 {[%emt 0:00:01]} 35. Rxb6+ {[%emt 0:00:00] Time Time Time (Lag: Av=0.41s, max=0.6s) (Lag: Av=0.41s, max=0.6s) (Lag: Av=0.41s, max=0.6s)} 1-0

[Event "397 Stay Safe Play From Home series"]
[Site "Emanuel Lasker Arena"]
[Date "2020.08.20"]
[Round "3"]
[White "Yuriko"]
[Black "Mamba2001de"]
[Result "1-0"]
[WhiteElo "1981"]
[BlackElo "1475"]
[Annotator "NA"]
[PlyCount "61"]
[EventDate "2020.08.20"]
[EventType "swiss (blitz)"]

1. d4 {[%emt 0:00:01]} e6 {[%emt 0:00:01]} 2. c4 {[%emt 0:00:00]} d5 {[%emt 0:00:01]} 3. Nc3 {[%emt 0:00:00]} dxc4 {[%emt 0:00:01]} 4. Nf3 {[%emt 0:00:00]} Nf6 {[%emt 0:00:01]} 5. e3 {[%emt 0:00:00]} a6 {[%emt 0:00:01]} 6. Bxc4 {[%emt 0:00:00]} b5 {[%emt 0:00:01]} 7. Bb3 {[%emt 0:00:00]} Bb7 {[%emt 0:00:01]} 8. O-O {[%emt 0:00:01]} Nbd7 {[%emt 0:00:01]} 9. Re1 {[%emt 0:00:00]} Be7 {[%emt 0:00:01]} 10. Qe2 {[%emt 0:00:00]} O-O {[%emt 0:00:01]} 11. Bd2 {[%emt 0:00:00]} Rc8 {[%emt 0:00:01]} 12. Rad1 {[%emt 0:00:00]} Qe8 {[%emt 0:00:01]} 13. a3 {[%emt 0:00:00]} c5 {[%emt 0:00:01]} 14. Bc1 {[%emt 0:00:04]} c4 {[%emt 0:00:01]} 15. Bc2 {[%emt 0:00:01]} Nb6 {[%emt 0:00:01]} 16. e4 {[%emt 0:00:00]} Na4 {[%emt 0:00:03]} 17. d5 {[%emt 0:00:01]} Nxc3 {[%emt 0:00:02]} 18. bxc3 {[%emt 0:00:00]} exd5 {[%emt 0:00:04]} 19. exd5 {[%emt 0:00:01]} Rc7 {[%emt 0:00:07]} 20. Bg5 {[%emt 0:00:04]} Qd8 {[%emt 0:00:03]} 21. Bf4 {[%emt 0:00:08]} Rd7 {[%emt 0:00:03]} 22. Be4 {[%emt 0:00:08]} Bd6 {[%emt 0:00:01]} 23. Bg5 {[%emt 0:00:01]} h6 {[%emt 0:00:01]} 24. Bh4 {[%emt 0:00:02]} Re8 {[%emt 0:00:03]} 25. Qc2 {[%emt 0:00:02]} Qc7 {[%emt 0:00:08]} 26. Bxf6 {[%emt 0:00:04]} gxf6 {[%emt 0:00:01]} 27. h3 {[%emt 0:00:00]} Rxe4 {[%emt 0:00:05]} 28. Qxe4 {[%emt 0:00:01]} Be5 {[%emt 0:00:02]} 29. Qg4+ {[%emt 0:00:01]} Kf8 {[%emt 0:00:01]} 30. Nxe5 {[%emt 0:00:00]} Re7 {[%emt 0:00:02]} 31. d6 {[%emt 0:00:01] Zeit Zeit Zeit} 1-0

[Event "397 Stay Safe Play From Home series"]
[Site "Emanuel Lasker Arena"]
[Date "2020.08.20"]
[Round "3"]
[White "Stefanone"]
[Black "Jhhonnyy"]
[Result "1/2-1/2"]
[WhiteElo "1943"]
[BlackElo "2325"]
[PlyCount "53"]
[EventDate "2020.08.20"]
[EventType "swiss (blitz)"]

1. d4 {[%emt 0:00:01]} Nf6 {[%emt 0:00:01]} 2. e3 {[%emt 0:00:00]} g6 {[%emt 0:00:00]} 3. f4 {[%emt 0:00:00]} Bg7 {[%emt 0:00:00]} 4. Nf3 {[%emt 0:00:00]} O-O {[%emt 0:00:00]} 5. Bc4 {[%emt 0:00:00]} d6 {[%emt 0:00:00]} 6. Qe2 {[%emt 0:00:01]} c5 {[%emt 0:00:00]} 7. c3 {[%emt 0:00:01]} cxd4 {[%emt 0:00:00]} 8. exd4 {[%emt 0:00:00]} Nc6 {[%emt 0:00:02]} 9. O-O {[%emt 0:00:01]} Re8 {[%emt 0:00:00]} 10. Nbd2 {[%emt 0:00:01]} Qb6 {[%emt 0:00:01]} 11. Bd3 {[%emt 0:00:01]} e5 {[%emt 0:00:01]} 12. Nc4 {[%emt 0:00:01]} Qc7 {[%emt 0:00:02]} 13. fxe5 {[%emt 0:00:01]} dxe5 {[%emt 0:00:01]} 14. Ncxe5 {[%emt 0:00:00]} Nxe5 {[%emt 0:00:01]} 15. dxe5 {[%emt 0:00:02]} Ng4 {[%emt 0:00:01]} 16. Bf4 {[%emt 0:00:01]} Nxe5 {[%emt 0:00:02]} 17. Bxe5 {[%emt 0:00:00]} Bxe5 {[%emt 0:00:00]} 18. Nxe5 {[%emt 0:00:01]} Qxe5 {[%emt 0:00:01]} 19. Qf3 {[%emt 0:00:01]} Be6 {[%emt 0:00:03]} 20. Rae1 {[%emt 0:00:02]} Qc5+ {[%emt 0:00:01]} 21. Kh1 {[%emt 0:00:02]} Rab8 {[%emt 0:00:01]} 22. Rxe6 {[%emt 0:00:01]} fxe6 {[%emt 0:00:02]} 23. Qf7+ {[%emt 0:00:01]} Kh8 {[%emt 0:00:01]} 24. Qf6+ {[%emt 0:00:00]} Kg8 {[%emt 0:00:01]} 25. Qf7+ {[%emt 0:00:00]} Kh8 {[%emt 0:00:01]} 26. Qf6+ {[%emt 0:00:00]} Kg8 {[%emt 0:00:01]} 27. Qf7+ {[%emt 0:00:00] (Lag: Av=0.33s, max=0.8s) (Lag: Av=0.33s, max=0.8s) (Lag: Av=0.33s, max=0.8s)} 1/2-1/2

[Event "397 Stay Safe Play From Home series"]
[Site "Emanuel Lasker Arena"]
[Date "2020.08.20"]
[Round "3"]
[White "Padmaesh M K"]
[Black "Hickey"]
[Result "0-1"]
[WhiteElo "1905"]
[BlackElo "2213"]
[PlyCount "100"]
[EventDate "2020.08.20"]
[EventType "swiss (blitz)"]

1. e3 {[%emt 0:00:01]} Nf6 {[%emt 0:00:01]} 2. d4 {[%emt 0:00:00]} e6 {[%emt 0:00:00]} 3. Nf3 {[%emt 0:00:01]} c5 {[%emt 0:00:00]} 4. Bd3 {[%emt 0:00:00]} b6 {[%emt 0:00:00]} 5. b3 {[%emt 0:00:01]} Bb7 {[%emt 0:00:00]} 6. Bb2 {[%emt 0:00:00]} Be7 {[%emt 0:00:00]} 7. O-O {[%emt 0:00:01]} O-O {[%emt 0:00:00]} 8. Nbd2 {[%emt 0:00:01]} d6 {[%emt 0:00:01]} 9. c4 {[%emt 0:00:01]} Nbd7 {[%emt 0:00:01]} 10. Re1 {[%emt 0:00:01]} Qc7 {[%emt 0:00:04]} 11. Qc2 {[%emt 0:00:01]} Rac8 {[%emt 0:00:01]} 12. Ne4 {[%emt 0:00:01]} Nxe4 {[%emt 0:00:02]} 13. Bxe4 {[%emt 0:00:00]} Bxe4 {[%emt 0:00:00]} 14. Qxe4 {[%emt 0:00:00]} Nf6 {[%emt 0:00:00]} 15. Qd3 {[%emt 0:00:01]} Rfd8 {[%emt 0:00:01]} 16. d5 {[%emt 0:00:02]} e5 {[%emt 0:00:04]} 17. e4 {[%emt 0:00:02]} a6 {[%emt 0:00:00]} 18. Bc1 {[%emt 0:00:01]} Qb7 {[%emt 0:00:01]} 19. a4 {[%emt 0:00:02]} b5 {[%emt 0:00:01]} 20. axb5 {[%emt 0:00:00]} axb5 {[%emt 0:00:00]} 21. Bg5 {[%emt 0:00:04]} Ra8 {[%emt 0:00:02]} 22. Nh4 {[%emt 0:00:07]} Nxd5 {[%emt 0:00:05]} 23. exd5 {[%emt 0:00:09]} Bxg5 {[%emt 0:00:01]} 24. Nf3 {[%emt 0:00:04]} Bf6 {[%emt 0:00:02]} 25. Qe4 {[%emt 0:00:02]} bxc4 {[%emt 0:00:04]} 26. bxc4 {[%emt 0:00:02]} Rxa1 {[%emt 0:00:00]} 27. Rxa1 {[%emt 0:00:00]} Ra8 {[%emt 0:00:00]} 28. Qb1 {[%emt 0:00:01]} Rxa1 {[%emt 0:00:05]} 29. Qxa1 {[%emt 0:00:01]} g6 {[%emt 0:00:00]} 30. h3 {[%emt 0:00:02]} Kg7 {[%emt 0:00:01]} 31. Nd2 {[%emt 0:00:01]} Qb4 {[%emt 0:00:02]} 32. Ne4 {[%emt 0:00:01]} Qxc4 {[%emt 0:00:01]} 33. Nxd6 {[%emt 0:00:01]} Qxd5 {[%emt 0:00:01]} 34. Ne8+ {[%emt 0:00:02]} Kf8 {[%emt 0:00:01]} 35. Nxf6 {[%emt 0:00:01]} Qd4 {[%emt 0:00:00]} 36. Nxh7+ {[%emt 0:00:01]} Kg7 {[%emt 0:00:02]} 37. Qxd4 {[%emt 0:00:00]} exd4 {[%emt 0:00:01]} 38. Ng5 {[%emt 0:00:00]} c4 {[%emt 0:00:01]} 39. Nf3 {[%emt 0:00:00]} d3 {[%emt 0:00:02]} 40. Kf1 {[%emt 0:00:00]} Kf6 {[%emt 0:00:01]} 41. Ke1 {[%emt 0:00:01]} Ke6 {[%emt 0:00:00]} 42. Kd2 {[%emt 0:00:00]} Kd5 {[%emt 0:00:00]} 43. Kc3 {[%emt 0:00:00]} f6 {[%emt 0:00:02]} 44. Nd2 {[%emt 0:00:00]} g5 {[%emt 0:00:01]} 45. Nxc4 {[%emt 0:00:00]} d2 {[%emt 0:00:00]} 46. Nxd2 {[%emt 0:00:00]} Ke5 {[%emt 0:00:01]} 47. Kd3 {[%emt 0:00:00]} Kf4 {[%emt 0:00:00]} 48. Nf3 {[%emt 0:00:01]} Kf5 {[%emt 0:00:00]} 49. Ke2 {[%emt 0:00:00]} Kf4 {[%emt 0:00:00]} 50. g3+ {[%emt 0:00:02]} Ke4 {[%emt 0:00:00] Time Time Time (Lag: Av=0.59s, max=0.8s) (Lag: Av=0.59s, max=0.8s) (Lag: Av=0.59s, max=0.8s)} 0-1

[Event "397 Stay Safe Play From Home series"]
[Site "Emanuel Lasker Arena"]
[Date "2020.08.20"]
[Round "4"]
[White "IceQueen"]
[Black "Stefanone"]
[Result "1-0"]
[WhiteElo "2402"]
[BlackElo "1956"]
[PlyCount "55"]
[EventDate "2020.08.20"]
[EventType "swiss (blitz)"]

1. e4 {[%emt 0:00:01]} d6 {[%emt 0:00:01]} 2. Nc3 {[%emt 0:00:00]} g6 {[%emt 0:00:00]} 3. Nf3 {[%emt 0:00:01]} Bg7 {[%emt 0:00:00]} 4. d4 {[%emt 0:00:00]} Nc6 {[%emt 0:00:00]} 5. Bg5 {[%emt 0:00:01]} f6 {[%emt 0:00:01]} 6. Be3 {[%emt 0:00:02]} e5 {[%emt 0:00:00]} 7. Kd2 {[%emt 0:00:01]} exd4 {[%emt 0:00:02]} 8. Nxd4 {[%emt 0:00:00]} Bd7 {[%emt 0:00:01]} 9. Bc4 {[%emt 0:00:02]} Nxd4 {[%emt 0:00:02]} 10. Bxd4 {[%emt 0:00:01]} Qe7 {[%emt 0:00:01]} 11. Qe2 {[%emt 0:00:01]} O-O-O {[%emt 0:00:02]} 12. Rad1 {[%emt 0:00:00]} Kb8 {[%emt 0:00:01]} 13. Kc1 {[%emt 0:00:01]} c5 {[%emt 0:00:01]} 14. Nd5 {[%emt 0:00:01]} Qe8 {[%emt 0:00:01]} 15. Be3 {[%emt 0:00:01]} Bc6 {[%emt 0:00:01]} 16. Bf4 {[%emt 0:00:01]} Ne7 {[%emt 0:00:02]} 17. Nc3 {[%emt 0:00:02]} Qd7 {[%emt 0:00:01]} 18. Rxd6 {[%emt 0:00:02]} Ka8 {[%emt 0:00:04]} 19. Rxd7 {[%emt 0:00:01]} Rxd7 {[%emt 0:00:00]} 20. f3 {[%emt 0:00:00]} Rhd8 {[%emt 0:00:01]} 21. Bb5 {[%emt 0:00:01]} a6 {[%emt 0:00:01]} 22. Bxc6 {[%emt 0:00:01]} Nxc6 {[%emt 0:00:00]} 23. Nd5 {[%emt 0:00:00]} Ka7 {[%emt 0:00:01]} 24. Qc4 {[%emt 0:00:01]} Na5 {[%emt 0:00:01]} 25. Qxc5+ {[%emt 0:00:01]} b6 {[%emt 0:00:02]} 26. Qxb6+ {[%emt 0:00:01]} Ka8 {[%emt 0:00:02]} 27. Qxa6+ {[%emt 0:00:02]} Ra7 {[%emt 0:00:03]} 28. Nb6# {[%emt 0:00:00] (Lag: Av=0.31s, max=0.6s) (Lag: Av=0.31s, max=0.6s) (Lag: Av=0.31s, max=0.6s)} 1-0

[Event "397 Stay Safe Play From Home series"]
[Site "Emanuel Lasker Arena"]
[Date "2020.08.20"]
[Round "4"]
[White "Jhhonnyy"]
[Black "Yuriko"]
[Result "1-0"]
[WhiteElo "2311"]
[BlackElo "1983"]
[PlyCount "35"]
[EventDate "2020.08.20"]
[EventType "swiss (blitz)"]

1. d4 {[%emt 0:00:01]} c6 {[%emt 0:00:01]} 2. c4 {[%emt 0:00:00]} d5 {[%emt 0:00:00]} 3. Nf3 {[%emt 0:00:00]} Nf6 {[%emt 0:00:00]} 4. Nbd2 {[%emt 0:00:00]} e6 {[%emt 0:00:00]} 5. g3 {[%emt 0:00:01]} Nbd7 {[%emt 0:00:00]} 6. Bg2 {[%emt 0:00:00]} Bd6 {[%emt 0:00:00]} 7. O-O {[%emt 0:00:00]} O-O {[%emt 0:00:00]} 8. Qc2 {[%emt 0:00:00]} Re8 {[%emt 0:00:00]} 9. e4 {[%emt 0:00:00]} dxe4 {[%emt 0:00:01]} 10. Nxe4 {[%emt 0:00:00]} Nxe4 {[%emt 0:00:00]} 11. Qxe4 {[%emt 0:00:00]} Nf6 {[%emt 0:00:00]} 12. Qe2 {[%emt 0:00:00]} a6 {[%emt 0:00:00]} 13. Rd1 {[%emt 0:00:00]} Qc7 {[%emt 0:00:00]} 14. b3 {[%emt 0:00:01]} Rb8 {[%emt 0:00:01]} 15. c5 {[%emt 0:00:03]} Be7 {[%emt 0:00:01]} 16. Bf4 {[%emt 0:00:01]} e5 {[%emt 0:00:06]} 17. Bxe5 {[%emt 0:00:01]} Qd8 {[%emt 0:00:01]} 18. Bxb8 {[%emt 0:00:01] Yuriko resigns Yuriko resigns Yuriko resigns (Lag: Av=0.43s, max=0.8s) (Lag: Av=0.43s, max=0.8s) (Lag: Av=0.43s, max=0.8s)} 1-0

[Event "397 Stay Safe Play From Home series"]
[Site "Emanuel Lasker Arena"]
[Date "2020.08.20"]
[Round "4"]
[White "Hickey"]
[Black "Mepe_Nika"]
[Result "0-1"]
[WhiteElo "2217"]
[BlackElo "2345"]
[PlyCount "98"]
[EventDate "2020.08.20"]
[EventType "swiss (blitz)"]

1. Nf3 {[%emt 0:00:03]} d5 {[%emt 0:00:01]} 2. g3 {[%emt 0:00:00]} g6 {[%emt 0:00:01]} 3. Bg2 {[%emt 0:00:00]} Bg7 {[%emt 0:00:00]} 4. O-O {[%emt 0:00:00]} e5 {[%emt 0:00:00]} 5. c4 {[%emt 0:00:00]} dxc4 {[%emt 0:00:01]} 6. Qa4+ {[%emt 0:00:02]} Nc6 {[%emt 0:00:01]} 7. Qxc4 {[%emt 0:00:00]} Nge7 {[%emt 0:00:01]} 8. Nc3 {[%emt 0:00:01]} O-O {[%emt 0:00:01]} 9. d3 {[%emt 0:00:00]} Be6 {[%emt 0:00:01]} 10. Qa4 {[%emt 0:00:02]} h6 {[%emt 0:00:01]} 11. Be3 {[%emt 0:00:01]} a6 {[%emt 0:00:01]} 12. a3 {[%emt 0:00:02]} Nd5 {[%emt 0:00:01]} 13. Nxd5 {[%emt 0:00:02]} Bxd5 {[%emt 0:00:00]} 14. b4 {[%emt 0:00:01]} Kh7 {[%emt 0:00:01]} 15. Rac1 {[%emt 0:00:01]} e4 {[%emt 0:00:02]} 16. dxe4 {[%emt 0:00:02]} Bxe4 {[%emt 0:00:00]} 17. Rfd1 {[%emt 0:00:00]} Qf6 {[%emt 0:00:03]} 18. Nd2 {[%emt 0:00:03]} Bxg2 {[%emt 0:00:01]} 19. Kxg2 {[%emt 0:00:00]} Rad8 {[%emt 0:00:01]} 20. Ne4 {[%emt 0:00:01]} Qe5 {[%emt 0:00:04]} 21. Nc5 {[%emt 0:00:01]} Nd4 {[%emt 0:00:09]} 22. Bxd4 {[%emt 0:00:01]} Rxd4 {[%emt 0:00:00]} 23. Rxd4 {[%emt 0:00:01]} Qxd4 {[%emt 0:00:00]} 24. Qb3 {[%emt 0:00:03]} Re8 {[%emt 0:00:05]} 25. e3 {[%emt 0:00:01]} Qg4 {[%emt 0:00:03]} 26. Qd1 {[%emt 0:00:03]} Qf5 {[%emt 0:00:03]} 27. Rc4 {[%emt 0:00:07]} b6 {[%emt 0:00:02]} 28. Rf4 {[%emt 0:00:02]} Qe5 {[%emt 0:00:02]} 29. Nxa6 {[%emt 0:00:01]} f5 {[%emt 0:00:02]} 30. Qc2 {[%emt 0:00:02]} h5 {[%emt 0:00:03]} 31. h4 {[%emt 0:00:02]} Qd5+ {[%emt 0:00:01]} 32. Kh2 {[%emt 0:00:02]} Re7 {[%emt 0:00:01]} 33. Nxc7 {[%emt 0:00:01]} Qb7 {[%emt 0:00:01]} 34. Nb5 {[%emt 0:00:01]} Rd7 {[%emt 0:00:02]} 35. Nd4 {[%emt 0:00:01]} Qd5 {[%emt 0:00:01]} 36. Qe2 {[%emt 0:00:01]} Bxd4 {[%emt 0:00:01]} 37. Rxd4 {[%emt 0:00:01]} Qf7 {[%emt 0:00:00]} 38. Rxd7 {[%emt 0:00:00]} Qxd7 {[%emt 0:00:00]} 39. Qf3 {[%emt 0:00:00]} b5 {[%emt 0:00:00]} 40. Kg2 {[%emt 0:00:00]} Kg7 {[%emt 0:00:00]} 41. Qf4 {[%emt 0:00:01]} Kh7 {[%emt 0:00:00]} 42. Qd4 {[%emt 0:00:00]} Qb7+ {[%emt 0:00:00]} 43. e4 {[%emt 0:00:01]} Qa8 {[%emt 0:00:00]} 44. Qe3 {[%emt 0:00:01]} fxe4 {[%emt 0:00:01]} 45. f3 {[%emt 0:00:02]} Qc8 {[%emt 0:00:00]} 46. Kf2 {[%emt 0:00:01]} Qc2+ {[%emt 0:00:00]} 47. Qe2 {[%emt 0:00:00]} Qc4 {[%emt 0:00:00]} 48. Qe3 {[%emt 0:00:00]} Qa2+ {[%emt 0:00:01]} 49. Qe2 {[%emt 0:00:00]} Qxa3 {[%emt 0:00:00] Time Time Time (Lag: Av=0.59s, max=1.3s) (Lag: Av=0.59s, max=1.3s) (Lag: Av=0.59s, max=1.3s)} 0-1

[Event "397 Stay Safe Play From Home series"]
[Site "Emanuel Lasker Arena"]
[Date "2020.08.20"]
[Round "4"]
[White "Fischer_11"]
[Black "Klasman"]
[Result "1-0"]
[WhiteElo "2026"]
[BlackElo "1354"]
[Annotator "NA"]
[PlyCount "35"]
[EventDate "2020.08.20"]
[EventType "swiss (blitz)"]

1. e4 {[%emt 0:00:02]} f5 {[%emt 0:00:02]} 2. Nc3 {[%emt 0:00:01]} fxe4 {[%emt 0:00:02]} 3. Nxe4 {[%emt 0:00:00]} Nf6 {[%emt 0:00:01]} 4. Nxf6+ {[%emt 0:00:00]} exf6 {[%emt 0:00:01]} 5. b3 {[%emt 0:00:00]} Bc5 {[%emt 0:00:03]} 6. Bb2 {[%emt 0:00:00]} O-O {[%emt 0:00:01]} 7. Be2 {[%emt 0:00:00]} d5 {[%emt 0:00:02]} 8. Nf3 {[%emt 0:00:00]} Bf5 {[%emt 0:00:03]} 9. O-O {[%emt 0:00:00]} Nc6 {[%emt 0:00:05]} 10. d4 {[%emt 0:00:01]} Bd6 {[%emt 0:00:03]} 11. c4 {[%emt 0:00:01]} dxc4 {[%emt 0:00:01]} 12. bxc4 {[%emt 0:00:00]} Bf4 {[%emt 0:00:02]} 13. g3 {[%emt 0:00:01]} Bh6 {[%emt 0:00:03]} 14. d5 {[%emt 0:00:00]} Ne5 {[%emt 0:00:02]} 15. Nd4 {[%emt 0:00:01]} Bh3 {[%emt 0:00:03]} 16. Re1 {[%emt 0:00:02]} Qd7 {[%emt 0:00:03]} 17. Bf1 {[%emt 0:00:02]} Qf5 {[%emt 0:00:03]} 18. Nxf5 {[%emt 0:00:01] Klasman resigns Klasman resigns Klasman resigns (Lag: Av=0.39s, max=0.5s) (Lag: Av=0.39s, max=0.5s) (Lag: Av=0.39s, max=0.5s)} 1-0